000 00539nam a2200217Ia 4500
003 OSt
005 20221007082237.0
006 a|||||r|||| 00| 0
007 ta
008 221006b |||||||| |||| 00| 0 eng d
024 _a28,099
037 _cTextual
040 _aFLL
_cFLL
_beng
041 _2eng
_aeng
082 _aV2:2:9Zq, J5.1
245 0 _aActs rules & orders under the constitution of India
260 _c1955
300 _a441p
_ccm.
942 _hV2:2:9Zq, J5.1
_cTEXL
_2CC
999 _c1165801
_d1165801